01804nam a2200349   4500003000900000005001700009008004100026040004600067041000800113082002800121092000700149099003700156100005200193245017300245264007000418300002800488336002200516337002400538338003300562504006300595546004100658650004100699651001000740700005500750856005700805905001300862942001900875999001700894952018100911952018101092952018101273EG-GICUC20260121101228.0251116s2005    ua	||||fr|||| 00| 0 ara d  a EG-GICUCbarac EG-GICUCd EG-GICUCerda0 aara04221a341.851bم ن . ا04221  aLaw1  12	341.851 م ن . ا 20050 aمنير محمد الجنبيهيeمؤلف.12aالإعترافات بقرارات التحكيم الأجنبية وإنفاذها /cمنير محمد الجنبيهى، ممدوح محمد الجنبيهى. 1aالاسكندرية :bدار الفكر الجامعى،c2005.  a220 ؛صفحةc24 سم  2rda contentatext  2rda mediaaComputer  2rda carrieraOnline Resource  aيحتوي على اراجاعات ببليوجرافية
  aالنص باللغة العربية1 aالتحكيم - قانون دولي1 2qrmak  a ممدوح محمد الجنبيهىeمؤلف.40uhttps://fll.law.cu.edu.eg/fulltext/bks/B12-00945.pdf  a75eYara  2ddcn0cBKe21  c43631d43631  00102ddc40718القانون الدولي الخاصaCUbLAW1d2025-11-16l0oLaw1  12	341.851 م ن . ا 2005 1200945	C1pB12-00945r2025-11-16 16:47:28t1w2025-11-16yBK  00102ddc40708القانون الدولي الخاصaCUbLAW1d2025-11-17l0oLaw1  12	341.851 م ن . ا 2005 1201442	C2pB12-01442r2025-11-17 16:52:54t2w2025-11-17yBK  00102ddc40718القانون الدولي الخاصaCUbLAW2d2025-11-17l0oLaw2  12	341.851 م ن . ا 2005 1201444	C3pB12-01444r2025-11-17 16:53:25t3w2025-11-17yBK